Normal view
MARC view
- Public health -- Jordan -- Medical care, Cost of -- Jordan
Entry Topical Term
001 - CONTROL NUMBER
- control field: 3598
003 - CONTROL NUMBER IDENTIFIER
- control field: JO-AjAnu
005 - DATE AND TIME OF LATEST TRANSACTION
- control field: 20230606070907.0
008 - FIXED-LENGTH DATA ELEMENTS
- fixed length control field: 230606|| aca||aabn | a|a d
040 ## - CATALOGING SOURCE
- Original cataloging agency: JO-AjAnu
- Transcribing agency: JO-AjAnu
150 ## - HEADING--TOPICAL TERM
- Topical term or geographic name entry element: Public health -- Jordan -- Medical care, Cost of -- Jordan
670 ## - SOURCE DATA FOUND
- Source citation: Work cat.: (JO-AjAnu)1877: High Health Council General Secretariat, author 3597, Jordan National Health Accounts 2012 : Technical Report No. 5